El teatro chileno contemporáneo (1941-1973) / (Record no. 62426)

MARC details
000 -LEADER
campo de control de longitud fija 00609nam a2200217 i 4500
001 - NÚMERO DE CONTROL
campo de control 62426
003 - IDENTIFICADOR DE NÚMERO DE CONTROL
campo de control ES-MaACL
007 - CAMPO FIJO DE DESCRIPCIÓN FÍSICA--INFORMACIÓN GENERAL
campo de control de longitud fija t|
008 - DATOS DE LONGITUD FIJA--INFORMACIÓN GENERAL
campo de control de longitud fija 031120s1982 sp ||||1| spa d
020 ## - NÚMERO INTERNACIONAL ESTÁNDAR DEL LIBRO
Número Internacional Estándar del Libro 84-359-0293-5
100 1# - ENTRADA PRINCIPAL--NOMBRE DE PERSONA
Nombre de persona Fernández, Teodosio.
9 (RLIN) 49431
245 13 - MENCIÓN DEL TÍTULO
Título El teatro chileno contemporáneo (1941-1973) /
Mención de responsabilidad, etc. Teodosio Fernández.
260 ## - PUBLICACIÓN, DISTRIBUCIÓN, ETC.
Lugar de publicación, distribución, etc. [Madrid :
Nombre del editor, distribuidor, etc. Playor,
Fecha de publicación, distribución, etc. 1982]
300 ## - DESCRIPCIÓN FÍSICA
Extensión 213 p. ;
Dimensiones 19 cm.
490 1# - MENCIÓN DE SERIE
Mención de serie Nova scholar
500 ## - NOTA GENERAL
Nota general Indice.
504 ## - NOTA DE BIBLIOGRAFÍA, ETC.
Nota de bibliografía, etc. Bibliografía: p. 209-213.
830 0# - PUNTO DE ACCESO ADICIONAL DE SERIE-TÍTULO UNIFORME
Título uniforme Nova scholar
9 (RLIN) 181704
852 ## - LOCALIZACIÓN
Ubicación ES-MaACL
Número de control de estantería L-8876
Sublocalización o colección R.108791
Holdings
Estatus retirado Estado de pérdida Estado de daño No para préstamo Biblioteca de origen Biblioteca actual Ubicación en estantería Fecha de adquisición Fuente de adquisición Total de préstamos Signatura topográfica completa Código de barras Visto por última vez Precio de reemplazo Tipo de ítem Koha
        Biblioteca del Ateneo de Madrid Biblioteca del Ateneo de Madrid Depósito 2 17/01/2008     L-8876 1065448 23/02/2023 23/02/2023 Libro impreso